000 00578nam a2200157 4500
999 _c17154
_d17154
008 220607b ||||| |||| 00| 0 eng d
022 _a0732-8435
082 _aDPer 657.05 C33 Jan - Apr 2011, v. 81 n 1 - 4
100 _aStevens, Michael G.
_945568
245 _aBasis overstatement still does not trigger six-year limitations period/
_bMichael G. Stevens.
260 _aNew York:
_bThe New York State Society of CPA,
_c2011.
300 _aV81 n3, pages 42-45:
_b color illustrations;
_c28 cm.
500 _aThe CPA Journal.
650 _aTaxation.
_945569
942 _2ddc
_cPER